000 00718nam a2200205 i 4500
001 73935
003 ES-MaACL
005 20230906171950.0
007 t|
008 040913s1951 sp ||||1| spa d
100 1 _aGonzález, Angel Custodio.
_958284
245 1 0 _aContra olvido :
_bpoesía /
_cÁngel Custodio González : con ilustraciones de Haroldo Donoso.
260 _aMadrid :
_bCultura Hispánica,
_c[1951] (
_fGráf. Valera)
300 _a84 p. :
_bil. ;
_c21 cm.
490 1 _aPoesía de España y América. La encina y el mar ;
_v7
700 1 _aDonoso, Haroldo.
_945335
830 1 _aPoesía de España y América. La encina y el mar ;
_v7
_9179340
852 _aES-MaACL
_jD-8503
999 _c73935
_d73935